| 000 | 00605cab a2200217 4500 | ||
|---|---|---|---|
| 001 | X90740 | ||
| 008 | 090401t1998 xxu||||| |||| 00| 0 eng d | ||
| 035 | _a(Sirsi) u85210 | ||
| 041 | _aeng | ||
| 245 | _aStrachan & Henshaw Ltd v Stein Industrie (UK) Ltd and GEC Alsthom Ltd | ||
| 260 | _c1998 | ||
| 350 | _a0 | ||
| 490 |
_aConstruction Industry Law Letter _v[1998] CILL 1349-1352(4) |
||
| 520 | _aCA 9 December 1997. | ||
| 650 | _aHEAT RECOVERY SYSTEM | ||
| 650 | _aMF/1 | ||
| 650 | _aSUBCONTRACTOR | ||
| 690 | _aBUILT ENVIRONMENT-BUILDING CONTRACT FORMS | ||
| 942 | _n0 | ||
| 948 | _c26/03/1998 | ||
| 999 |
_c53555 _d53555 |
||